Obytný príves

Guardado en:
Detalles Bibliográficos
Autor principal: Tornócziová, Renáta (Autor)
Otros Autores: Humaj, Peter, 1952- (Orientador)
Formato: Manuscrito Libro
Lenguaje:eslovaco
Publicado: Bratislava 2015
Materias:
Acceso en línea:http://is.stuba.sk/zp/portal_zp.pl?podrobnosti=94082
Etiquetas: Agregar Etiqueta
Sin Etiquetas, Sea el primero en etiquetar este registro!

MARC

LEADER 00000ntm a22000003a 4500
001 stuzp53781
003 SK-STU
005 20210302120130.2
007 ta
008 150427s2015----xo-----f-mn---000-0-slo-d
040 |a STU  |b slo 
041 0 |a slo 
100 1 |a Tornócziová, Renáta  |u 059190  |4 aut  |U FAD Fakulta architektúry  |T FA Ústav dizajnu  |X 62149  |U A9190  |Y 400  |7 62149 
242 0 1 |a Residential caravan.  |y eng 
245 1 0 |a Obytný príves 
260 |c 2015  |a Bratislava 
650 4 |a spojenie  |2 slo 
650 4 |a materiál  |2 slo 
650 4 |a príroda  |2 slo 
650 4 |a connection(link)  |2 eng 
650 4 |a material  |2 eng 
650 4 |a nature  |2 eng 
700 1 |a Humaj, Peter,  |d 1952-  |4 ths  |X 429  |7 A000000429 
856 4 |u http://is.stuba.sk/zp/portal_zp.pl?podrobnosti=94082  |u https://opac.crzp.sk/?fn=detailBiblioForm&sid=367CD704F5D5570C77E4F8DE3652 
SQL |a stuzp53781  |b DBP  |c SLO  |d Obytný príves  |e 62149  |f Tornócziová, Renáta  |g 059190  |h 429  |i Humaj, Peter  |j 20150612  |k 150  |l 05  |m http://is.stuba.sk/zp/portal_zp.pl?podrobnosti=94082  |n B-DV  |o 2.2.6. dizajn